000
00212nam a2200097Ia 4500
008
220204s9999 xx 000 0 und d
082
_a
82-3
_b
JON
100
_a
Jong, Erica
245
0
_a
Fear of flying
942
_c
BK
999
_c
32246
_d
32246